Quaid -i-Azams Vision of Education (Record no. 7284)
[ view plain ]
| 000 -LEADER | |
|---|---|
| fixed length control field | 00270nam a2200109Ia 4500 |
| 100 ## - MAIN ENTRY--AUTHOR NAME | |
| Personal name | Dr.Shehl A.Kazmi |
| 245 #0 - TITLE STATEMENT | |
| Title | Quaid -i-Azams Vision of Education |
| 260 ## - PUBLICATION, DISTRIBUTION, ETC. (IMPRINT) | |
| Place of publication | Karachi |
| Name of publisher | Oxford |
| Year of publication | 2007 |
| 300 ## - PHYSICAL DESCRIPTION | |
| Number of Pages | 126 |
| 942 ## - ADDED ENTRY ELEMENTS (KOHA) | |
| Koha item type | Books |
| Withdrawn status | Lost status | Permanent Location | Current Location | Date acquired | Full call number | Accession Number | Koha item type |
|---|---|---|---|---|---|---|---|
| | | MAJU | MAJU | 2019-09-12 | 330 | 1078 | Books |